| 000 | 00928nam a2200337 a 4500 | ||
|---|---|---|---|
| 003 | AR-BaBNM | ||
| 005 | 20251128210210.0 | ||
| 008 | 082120s2002 ||||||||||||||000 | spa|| | ||
| 020 | _a84-7884-130-x | ||
| 040 | _cAR-BaBNM | ||
| 100 | 1 | _aPñango, Charo | |
| 245 | 0 | 0 | _aConstrucción de juguetes con material de desecho |
| 250 | _a2ª ed. | ||
| 260 |
_aMadrid _bPopular _c1996 |
||
| 300 |
_a238 p. _bil., tablas |
||
| 490 | 0 |
_aTiempo libre _vv. 2 |
|
| 504 | _aContiene bibliografía p. 223-229 | ||
| 650 | 4 | _aEDUCACION Y TIEMPO LIBRE | |
| 650 | 4 | _aEDUCACION AMBIENTAL | |
| 650 | 4 | _aJUEGO | |
| 650 | 4 | _aJUGUETES | |
| 650 | 4 | _aCREATIVIDAD | |
| 650 | 4 | _aEDUCACION ARTISTICA | |
| 650 | 4 | _aTECNICAS DIDACTICAS | |
| 650 | 4 | _aACTIVIDADES | |
| 700 | 1 | _aFrancés, Sol Martín | |
| 800 | 1 |
_aMartínez, Luz _ecoordinador |
|
| 810 | 2 | _aEscuela de Animación y Educación Juvenil | |
| 942 | _cBK | ||
| 998 | _cRaquel | ||
| 999 |
_c14474 _d14474 |
||